Statystyki dla Rumunia : 50 miast pod względem ludności

Kliknij tutaj aby rozwiązać quiz!

Ogólne statystyki

  • Ten quiz został rozwiązany 63 razy
  • Średni wynik to 14 z 50

Statystyki odpowiedzi

#PopulacjaMiasto% Poprawnych
11 921 751Bukareszt
100%
3318 027Kluż-Napoka
90%
5310 526Konstanca
71%
6302 622Krajowa
69%
9232 452Ploeszti
67%
8283 901Braszów
64%
2321 580Jassy
64%
4317 660Timiszoara
60%
7298 584Gałacz
57%
11206 527Oradea
52%
13172 824Arad
43%
10216 929 Braiła
43%
19115 630Satu Mare
40%
12204 500Bacau
38%
17137 976Baia Mare
38%
14170 045Sybin
36%
15168 756Pitesti
33%
22106 138Suczawa
33%
3769 390Deva
24%
16149 577Targu Mures
24%
20115 344Botoszany
19%
3966 369Alba Iulia
17%
18133 116Buzau
17%
24104 035Drobeta-Turnu Severin
17%
21107 656Ramnicu Valcea
17%
2792 762Tulcza
17%
4063 305Zalau
17%
3081 467Bystrzyca
14%
3569 587Giurgiu
14%
23105 499Piatra Neamt
14%
3669 483Roman
14%
2889 429Targoviste
14%
4650 591Alexandria
12%
25103 219Fokszany
12%
4161 512Sfantu Gheorghe
12%
4255 770Turda
12%
3370 267Vaslui
12%
3869 183Barlad
10%
3271 380Hunedoara
10%
4943 867Medgidia
10%
4355 203Medias
10%
4745 447Petroszany
10%
3179 171Slatina
10%
2696 562Targu Jiu
10%
3470 046Calarasi
7%
2983 985Resita
7%
4551 681Onesti
5%
5042 172Pascani
5%
4844 571Lugoj
2%
4452 677Slobozia
2%

Rozkład punktacji

Percentyl według liczby udzielonych odpowiedzi

Procent ludzi z każdym wynikiem

Twoja historia wyników

Nie rozwiązałeś tego quizu